000
00338cam a2200145ua 4500
041
_a
eng
_h
082
_a
631.8
_b
CRO/FE
100
_a
Cross, Gwen .
245
_a
Feeding the soil /
_c
Gwen Cross.
_h
Textual Documents
260
_a
Bristol :
_b
Longman ,
_c
1962.
300
_a
36 ; .
504
_a
942
_c
BK
999
_c
12892
_d
12892